000 00488nam a2200157 i 4500
001 133874
003 ES-MaACL
005 20230906194542.0
007 t|
008 070903s1962 sp ||||1| spa d
100 1 _aWalter, Eugen.
_9116005
245 1 0 _aMensaje de la salvación para el hombre actual /
_cEugen Walter ; [traducción española de José Luis Viloria].
260 _aMadrid :
_bGuadarrama,
_c[1962]
300 _a143 p. ;
_c18 cm.
852 _aES-MaACL
_jC-21464
_bR.49894
999 _c133874
_d133874